Aprenda a crear páginas web. Curso de iniciación
| Main Authors: | , |
|---|---|
| Format: | Section = Libro |
| Language: | Undetermined Spanish |
| Published: |
España
Inforbooks
[s.f.]
|
| Subjects: |
| LEADER | 00645nam a2200229Ia 4500 | ||
|---|---|---|---|
| 008 | 240829s9999 xx 000 0 und d | ||
| 020 | |a 84-95318-52-0 | ||
| 040 | |a BIBLIOTECA-RUSB/ Ref 005 B524 | ||
| 041 | |a spa | ||
| 082 | |a Ref 005 B524 | ||
| 100 | 1 | |a Bernaus, Alberts | |
| 100 | 1 | |b Blanco, Jaime | |
| 245 | 1 | 0 | |a Aprenda a crear páginas web. Curso de iniciación |
| 260 | |a España |b Inforbooks |c [s.f.] | ||
| 300 | |a 415 p. :il. | ||
| 650 | 7 | |a PROGRAMAS Y PROGRAMACION DE COMPUTADORAS | |
| 650 | 7 | |b LENGUAJE HTML | |
| 650 | 7 | |c ESTRUCTURA PAGINA WEB | |
| 650 | 7 | |d DISEÑO DE PAGINA WEB | |
| 942 | |c BK |2 ddc | ||
| 991 | |a TEXTO | ||
| 999 | |c 5620 | ||